| 000 | 00386nam a2200157Ia 4500 | ||
|---|---|---|---|
| 008 | 230524s9999 xx 000 0 und d | ||
| 082 |
_a621.3912 _bRAJ |
||
| 100 | _aR.K.Rajput | ||
| 245 | 0 | _aElectronics and Communication Engineering | |
| 250 | _a1ST | ||
| 260 |
_aNEW DELHI _bBirla _c2006 |
||
| 300 | _aV;1108 | ||
| 500 | _aQuantity Number: 5 | ||
| 650 | _aElectronics | ||
| 942 | _cBK | ||
| 999 |
_c9985 _d9985 |
||